|
|
|
|
| LEADER |
00000nas a2200000 a 4500 |
| 001 |
ssj0000393562 |
| 003 |
WaSeSS |
| 005 |
20200512172242.0 |
| 006 |
m d |
| 007 |
cr n |
| 008 |
100128d20092017nyu x p s 0 a0eng c |
| 010 |
|
|
|a 2010247837
|
| 016 |
7 |
|
|a 101535174
|2 DNLM
|
| 016 |
7 |
|
|a 019332990
|2 Uk
|
| 022 |
|
|
|a 1687-9791
|l 1687-9783
|y 1687-9783
|
| 035 |
|
|
|a (WaSeSS)ssj0000393562
|
| 040 |
|
|
|a FQM
|b eng
|e pn
|c FQM
|d OCLCQ
|d PFM
|d NLM
|d CUS
|d OCLCQ
|d OCLCF
|d OCLCO
|d EUW
|d OCLCO
|d OCLCQ
|d OCLCO
|d OCLCQ
|d DLC
|d OCLCO
|d OCLCA
|d NLM
|d OCLCA
|d UKMGB
|d WaSeSS
|
| 042 |
|
|
|a pcc
|
| 050 |
0 |
0 |
|a RC584
|
| 050 |
1 |
4 |
|a RC583
|
| 060 |
1 |
0 |
|a W1
|
| 210 |
1 |
0 |
|a J Allergy (Cairo)
|2 dnlm
|
| 245 |
0 |
0 |
|a Journal of allergy
|h [electronic resource].
|
| 260 |
|
|
|a New York, NY :
|b Hindawi Pub. Corp.
|
| 310 |
|
|
|a Irregular
|
| 362 |
1 |
|
|a Began in 2009; ceased with Volume 2017 (2017)
|
| 500 |
|
|
|a Articles added irregularly during the year and collected into annual issues.
|
| 506 |
|
|
|a License restrictions may limit access.
|
| 588 |
|
|
|a Description based on: Vol. 2009 (2009); title from journal home page (publisher's Web site, viewed Oct. 7, 2010).
|
| 588 |
|
|
|a Latest issue consulted: Vol. 2016 (2016) (viewed Jul. 1, 2016).
|
| 650 |
|
0 |
|a Allergy
|v Periodicals.
|
| 650 |
|
0 |
|a Immunologic diseases
|v Periodicals.
|
| 650 |
1 |
2 |
|a Allergy and Immunology.
|
| 650 |
2 |
2 |
|a Hypersensitivity.
|
| 650 |
2 |
2 |
|a Immune System Diseases.
|
| 650 |
|
7 |
|a Allergy.
|2 fast
|0 (OCoLC)fst00805549
|
| 650 |
|
7 |
|a Immunologic diseases.
|2 fast
|0 (OCoLC)fst00967977
|
| 655 |
|
0 |
|a Electronic journals.
|
| 776 |
0 |
8 |
|i Print version:
|t Journal of allergy
|x 1687-9783
|
| 850 |
|
|
|a DLC
|
| 856 |
4 |
0 |
|z Full text available from Research Library: 01/01/2014 to 01/31/2017
|u https://search.proquest.com/publication/2037454
|